[Event "GER M05-A email"]
[Site "GER email"]
[Date "2016.06.26"]
[Round "?"]
[White "Keuter, Klaus"]
[Black "Bastos, Paulo Rubio Leite"]
[Result "1/2-1/2"]
[WhiteElo "2421"]
[BlackElo "2460"]
[PlyCount "65"]
[EventDate "2016.??.??"]
[EventType "tourn (corr)"]
[EventRounds "15"]
[EventCountry "GER"]
[SourceTitle "Corr 2017"]
[Source "ChessBase"]
[SourceDate "2017.09.19"]
[SourceVersion "1"]
[SourceVersionDate "2017.09.19"]
[SourceQuality "1"]

1. e4 e5 2. Nf3 Nc6 3. Bc4 Bc5 4. c3 Nf6 5. d3 a6 6. 0-0 Ba7 7. a4 d6 8. Na3 Ne7 9. Nc2 Ng6 10. Be3 0-0 11. Bxa7 Rxa7 12. Ne3 c6 13. a5 Ra8 14. Bb3 Re8 15. Re1 h6 16. Bc2 d5 17. exd5 cxd5 18. d4 e4 19. Nd2 Nf4 20. f3 Bd7 21. Kh1 Qc7 22. fxe4 dxe4 23. Ndc4 Bc6 24. Nb6 Rad8 25. Rf1 N4d5 26. Nbxd5 Nxd5 27. Qe1 Nxe3 28. Qxe3 Re7 29. Rf4 Rde8 30. g3 Bb5 31. Kg1 Qd6 32. Rf2 Rf8 33. Re1 1/2-1/2

[Event "GER M05-A email"]
[Site "GER email"]
[Date "2016.06.26"]
[Round "?"]
[White "Schulz, Guenter"]
[Black "Bastos, Paulo Rubio Leite"]
[Result "1/2-1/2"]
[WhiteElo "2379"]
[BlackElo "2460"]
[PlyCount "73"]
[EventDate "2016.??.??"]
[EventType "tourn (corr)"]
[EventRounds "15"]
[EventCountry "GER"]
[SourceTitle "Corr 2017"]
[Source "ChessBase"]
[SourceDate "2017.09.19"]
[SourceVersion "1"]
[SourceVersionDate "2017.09.19"]
[SourceQuality "1"]

1. e4 e5 2. Nf3 Nc6 3. Bb5 a6 4. Ba4 Nf6 5. 0-0 Be7 6. Re1 b5 7. Bb3 d6 8. c3 0-0 9. d4 Bg4 10. Be3 exd4 11. cxd4 Na5 12. Bc2 Nc4 13. Bc1 c5 14. b3 Nb6 15. Nbd2 Rc8 16. Bb2 Nfd7 17. Qb1 c4 18. h3 Bh5 19. bxc4 Nxc4 20. a4 Ndb6 21. axb5 axb5 22. Ba3 Bg6 23. Bb4 Nxd2 24. Nxd2 Bf6 25. Ra6 Bxd4 26. Nb3 Bc3 27. Bxc3 Rxc3 28. Nd4 Rc5 29. Bd3 Nc4 30. Nxb5 Qc8 31. Ra4 d5 32. Bxc4 dxc4 33. Nc3 f6 34. Qb6 Qc7 35. Qxc7 Rxc7 36. f3 Bf7 37. Rea1 1/2-1/2